[Reglamento general para el establecimiento y conservación de la estadística de la riqueza territorial del reino y sus agregadas]
Publicado:
[1847] :
Descripción Física:
27, 8-19 p. : quadres ; 31 cm
Otros Autores:
Mon, Alejandro
MARC
| LEADER | 00000nam a2200000Ia 4500 | ||
|---|---|---|---|
| 001 | 18010 | ||
| 008 | 160829s9999 xx 000 0 cat d | ||
| 080 | |a RF-2-46 | ||
| 100 | |a Espanya. Ministerio de Hacienda |9 27549 | ||
| 245 | |a [Reglamento general para el establecimiento y conservación de la estadística de la riqueza territorial del reino y sus agregadas] | ||
| 260 | |a [1847] | ||
| 300 | |a 27, 8-19 p. : |b quadres ; |c 31 cm | ||
| 590 | |a Signat per Alejandro Mon. | ||
| 590 | |a Prové de 405, exp. 7 | ||
| 650 | |a Riquesa |x Espanya |x Territoris i possessions |9 46612 | ||
| 700 | |a Mon, Alejandro |9 46613 | ||
| 856 | 4 | |u https://media.diba.cat/diba/fitxers/arxiu/fulletons/bib_18010_1847_baixa.pdf |y Accés lliure | |
| 856 | 4 | |u https://media.diba.cat/diba/fitxers/arxiu/fulletons/bib_18010_1847_baixa.pdf |y Accés lliure | |
| 901 | |a Arxiu | ||
| 942 | |n 1 |2 udc | ||
| 952 | |0 0 |1 0 |4 0 |6 RF246 |7 1 |9 53317 |a Arxiu |b Arxiu |d 2016-12-01 |l 0 |o RF-2-46 |p 18010 |r 2016-12-01 00:00:00 |w 2016-12-01 |y ARXIU | ||
| 999 | |c 57181 |d 57181 | ||
| 900 | |a bib_18010_1847_baixa.pdf | ||